Missing Links

Bibliographic Details
Main Author: Martin, Robert A.
Format: Book
Published: Boston : Jones and Bartlett Publishers , 2004
Subjects:

MARC

LEADER 00000cam a2200000 7i4500
001 0000080607
005 20040531.0
020 |a 0763721964 
090 0 0 |a 566   |b MAR 
100 1 |a Martin, Robert A. 
245 1 0 |a Missing Links   |c Robert A. Martin 
260 |a Boston :   |b Jones and Bartlett Publishers ,   |c 2004 
300 |a 303p. ;   |c 23cm. 
650 0 0 |a Evolution (Biology) 
650 0 0 |a Vertebrates, Fossil 
650 0 0 |a Vertebrates   |x Evolution 
999 |a 00170204   |b BUKU   |c RUJUKAN   |e PERPUSTAKAAN KOMUNITI PETALING JAYA